Представление документа в формате RUSMARC

ПолеНазваниеЗначение
  Тип записи a
  Библиографический уровень m
001 Контрольный номер 7628f3b576e94926a0b45489839ce5dd
005 Дата корректировки 20150421140707.4
010 Индекс ISBN __
d Цена 3300,00
101 Язык документа 0_
a Язык текста rus
102 Страна публикации __
a Страна публикации RU
200 Заглавие и сведения об ответственности 1_
a Заглавие Чрезвычайные ситуации:защита населения и территорий
b Общее обозначение материала Электронный ресурс
e Сведения, относящиеся к заглавию Электронный учебник
210 Выходные данные 1_
a Место издания М.
c Издательство КноРус
d Дата издания 2013
215 Физическое описание __
a Объем 1 электрон. диск
610 Ключевые слова 0_
a Ключевые слова чрезвычайные ситуации
a Ключевые слова защита населения
a Ключевые слова защита территорий
686 Индексы других классификаций __
a Классификационный индекс 68.9
700 Автор _1
a Фамилия Юртушкин В. И.
801 Источник записи _0
a Страна RU
b Организация РУК
g Правила каталогизации PSBO
801 Источник записи _1
a Страна RU
b Организация РУК
g Правила каталогизации PSBO
852 Данные о местонахождении __
i Авторский знак Ю82
j Шифр хранения 68.9
b Сигла хранения ЧЗ_1
t Номер экземпляра 1
p Инвентарный номер 262
901 Тип документа __
t Тип документа m
937 Технологическая информация __
a Создатель записи (имя) Носкова
938 Служебная информация __
a Название организации Саранский филиал
952 Тип литературы __
c Вид литературы учебник